| 000 | 00479nam a22001817a 4500 | ||
|---|---|---|---|
| 005 | 20200318150908.0 | ||
| 008 | 200318b xxu||||| |||| 00| 0 eng d | ||
| 020 | _a9788123914244 | ||
| 041 | _aeng | ||
| 082 | _a610 | ||
| 100 |
_aSHARMA ,VARUN DUTT _95290 |
||
| 245 |
_aHOSPITAL AND CLINICAL PHARMACY PRACTICAL NOTE BOOK _cVARUN DUTT SHARMA |
||
| 250 | _a1'ST | ||
| 260 |
_aNEW DELHI _bCBS PUBLISHERS _c2019 |
||
| 300 | _a96 P. ; V | ||
| 650 |
_aPHARMACY _95291 |
||
| 942 | _cBK | ||
| 999 |
_c6154 _d6152 |
||